00314nam a22001217a 4500020001800000040000900018082001700027100001800044110006000062245002000122260003000142650002000172 a9788126558568 cNUST a620.106bFOX aRobert W. Fox aAlan T. Mcdonald, Philip J. Pritchard, John W. Mitchell aFluid Mechanics aIndia:bJohn Wiley,c2015 aFluid Mechanics